ग्रिम ब्रादर्स की रोचक कथाएं / (Record no. 116774)

MARC details
000 -LEADER
fixed length control field 01372nam a22002537a 4500
005 - DATE AND TIME OF LATEST TRANSACTION
control field 20170124103044.0
010 ## - LIBRARY OF CONGRESS CONTROL NUMBER
LC control number B-256958
020 ## - INTERNATIONAL STANDARD BOOK NUMBER
Terms of availability 250.00
International Standard Book Number 8190225715
037 ## - SOURCE OF ACQUISITION
Source of stock number/acquisition Cen Lib/Ret
040 ## - CATALOGING SOURCE
Original cataloging agency DPL
Language of cataloging HN
082 ## - DEWEY DECIMAL CLASSIFICATION NUMBER
Classification number
Item number ग्रीमब्र
100 ## - MAIN ENTRY--PERSONAL NAME
Personal name ग्रिम ब्रादर्स
9 (RLIN) 68246
245 ## - TITLE STATEMENT
Title ग्रिम ब्रादर्स की रोचक कथाएं /
Statement of responsibility, etc ग्रिम ब्रादर्स ; अनुवादक चित्रा वारेरकर
246 ## - VARYING FORM OF TITLE
Title proper/short title Grim brothers ki rochak kathayen
Remainder of title by Grim Brothers ; anuvadak Chitraa Varerkar
260 ## - PUBLICATION, DISTRIBUTION, ETC. (IMPRINT)
Place of publication, distribution, etc दिल्ली
Name of publisher, distributor, etc सेंट जोज़फ पब्लिशिंग हाउस
270 ## - ADDRESS
Address सुदेश विला बी -71, डी डी ए कॉलोनी वेस्ट गौरख पार्क शाहदरा
City दिल्ली
Postal code 110032
300 ## - PHYSICAL DESCRIPTION
Extent 208पृष्ठ. :
Dimensions 20सेमी(सजिल्द)
Other physical details चित्र.
650 ## - SUBJECT ADDED ENTRY--TOPICAL TERM
Topical term or geographic name as entry element हिंदी साहित्य
9 (RLIN) 68247
650 ## - SUBJECT ADDED ENTRY--TOPICAL TERM
Topical term or geographic name as entry element बाल कहानियां-हिंदी कहानी
9 (RLIN) 68248
650 ## - SUBJECT ADDED ENTRY--TOPICAL TERM
Topical term or geographic name as entry element Hindi literature
9 (RLIN) 68249
650 ## - SUBJECT ADDED ENTRY--TOPICAL TERM
Topical term or geographic name as entry element Children's stories- Hindi Story
9 (RLIN) 68250
700 ## - ADDED ENTRY--PERSONAL NAME
Personal name वरेरकर, चित्रा
9 (RLIN) 68251
942 ## - ADDED ENTRY ELEMENTS (KOHA)
Source of classification or shelving scheme Dewey Decimal Classification
Koha item type Hindi Books
Classification part
Call number suffix ग्रिमब्र
Holdings
Withdrawn status Lost status Damaged status Not for loan Home library Current library Date acquired Source of acquisition Cost, normal purchase price Total Checkouts Total Renewals Full call number Barcode Date last seen Date checked out Copy number Cost, replacement price Price effective from Koha item type Source of classification or shelving scheme Collection code Shelving location
        Central Library Central Library 25/08/2015 Cen Lib /Ret 250.00 7 1 क ग्रीमब्र B-256958 03/11/2019 17/10/2019 1 250.00 25/08/2015 Hindi Books      
        Patel Nagar Patel Nagar 11/01/2019   250.00     क ग्रिमब्र B-256959 11/01/2019     250.00 11/01/2019 Children Books Dewey Decimal Classification Fiction General Stacks
        Sarojini Nagar Sarojini Nagar 16/10/2021     1   क ग्रिमब्र B-256993 02/09/2023 22/08/2023   250.00 16/10/2021 Hindi Books Dewey Decimal Classification Fiction  
        Yojana Vihar Yojana Vihar 19/07/2019 BPPD/PUB 250.00 1 1 क ग्रिमब्र B-256981 24/10/2025 27/09/2025   250.00 19/07/2019 Hindi Books Dewey Decimal Classification Fiction  

© Delhi Public Library
Hit Counter
free hit counter